000 00749nam a22002297a 4500
005 20150220115800.0
008 140714b xxu||||| |||| 00| 0 Urdu d
010 _aUR-8647
020 q _c300.00
020 _c9789350732601
035 _aU-7202
037 _bDBAD/Pub.
040 _aDPL
_bUrdu
082 _a440
100 _aسيد ا قبا ل احمد
245 _aا ر د و کا لسا نيا تی سر ما يہ
_cسيد ا قبا ل احمد
246 _aUrdu ka Lesaniyati Sarmaya
_bBy Syed Iqbal Ahmed
260 _aد ھلی
_bEducational Publishing House
_c2014
270 _a3108,Vakeel Street,Kucha Pandit,Lal Kuan
_b.Delhi
_e110006
300 _a304ص
_c22Cm (Hb)
942 _2ddc
_cUR
_e
_h440
_mا ق ب
999 _c91667
_d91667